| 000 | 01016nam a22002297a 4500 | ||
|---|---|---|---|
| 005 | 2010053107527.0 | ||
| 008 | 100531t xxu||||| |||| 00| 0 hin d | ||
| 010 | _aHIN-89439 | ||
| 020 |
_a9789380190297 _c695.00 |
||
| 035 | _aHN-61785 | ||
| 037 | _bDBAD / PUB | ||
| 040 |
_aDPL _bHN |
||
| 082 | _a294.5922 | ||
| 100 |
_aविद्या शारदा _919363 |
||
| 245 |
_aरामायणीय अमृतबिन्दु / _cविद्या शारदा |
||
| 246 |
_aRamayaniya Amritbindu/ _bby Vidhya Sharda |
||
| 260 |
_aनई दिल्ली _bसत्यम पब्लिशिंग हाउस _c2010 |
||
| 270 |
_aN-3/25,मोहन गार्डन _bनई दिल्ली _e110059 _k011 25358642 |
||
| 300 |
_a477पृ _c22सेमी (सजिल्द) |
||
| 942 |
_2ddc _cHN _mविद्याशा |
||
| 999 |
_c36400 _d36400 |
||